<?xml version="1.0" encoding="UTF-8"?>
<record
    xmlns:xsi="http://www.w3.org/2001/XMLSchema-instance"
    xsi:schemaLocation="http://www.loc.gov/MARC21/slim http://www.loc.gov/standards/marcxml/schema/MARC21slim.xsd"
    xmlns="http://www.loc.gov/MARC21/slim">

  <leader>01234nam0a22002891  4500</leader>
  <controlfield tag="001">v19\rc\2024184</controlfield>
  <controlfield tag="005">20250620015248.0</controlfield>
  <datafield tag="035" ind1=" " ind2=" ">
    <subfield code="a">(NLR Aleph) 005119564</subfield>
  </datafield>
  <datafield tag="090" ind1=" " ind2=" ">
    <subfield code="a">7579640</subfield>
    <subfield code="c">7579640</subfield>
  </datafield>
  <datafield tag="100" ind1=" " ind2=" ">
    <subfield code="a">20080925e19161916|||y0rusy50      ca</subfield>
  </datafield>
  <datafield tag="101" ind1="0" ind2=" ">
    <subfield code="a">rus</subfield>
  </datafield>
  <datafield tag="102" ind1=" " ind2=" ">
    <subfield code="a">RU</subfield>
  </datafield>
  <datafield tag="105" ind1=" " ind2=" ">
    <subfield code="a">y   z   |||||</subfield>
  </datafield>
  <datafield tag="200" ind1="1" ind2=" ">
    <subfield code="a">&#x41F;&#x440;&#x438;&#x43C;&#x435;&#x43D;&#x435;&#x43D;&#x438;&#x435; &#x43C;&#x435;&#x442;&#x43E;&#x434;&#x430; &#x420;&#x438;&#x446;&#x430; &#x43A; &#x438;&#x441;&#x441;&#x43B;&#x435;&#x434;&#x43E;&#x432;&#x430;&#x43D;&#x438;&#x44F;&#x43C; &#x441;&#x432;&#x43E;&#x431;&#x43E;&#x434;&#x43D;&#x44B;&#x445; &#x43A;&#x43E;&#x43B;&#x435;&#x431;&#x430;&#x43D;&#x438;&#x439; &#x431;&#x430;&#x43B;&#x43E;&#x43A;</subfield>
    <subfield code="f">&#x415;.[!] &#x41A;&#x440;&#x430;&#x441;&#x43D;&#x43E;&#x43F;&#x435;&#x440;&#x43E;&#x432;</subfield>
  </datafield>
  <datafield tag="210" ind1=" " ind2=" ">
    <subfield code="a">&#x41F;&#x435;&#x442;&#x440;&#x43E;&#x433;&#x440;&#x430;&#x434;</subfield>
    <subfield code="c">&#x442;&#x438;&#x43F;. &#x420;.&#x413;. &#x428;&#x440;&#x435;&#x434;&#x435;&#x440;&#x430;</subfield>
    <subfield code="d">1916</subfield>
  </datafield>
  <datafield tag="215" ind1=" " ind2=" ">
    <subfield code="a">[2], 24 &#x441;.</subfield>
    <subfield code="d">24</subfield>
  </datafield>
  <datafield tag="300" ind1=" " ind2=" ">
    <subfield code="a">&#x41D;&#x430; 1 &#x441;.: &#x441;&#x442;&#x443;&#x434;. &#x415;. &#x41A;&#x440;&#x430;&#x441;&#x43D;&#x43E;&#x43F;&#x435;&#x440;&#x43E;&#x432;</subfield>
  </datafield>
  <datafield tag="311" ind1=" " ind2=" ">
    <subfield code="a">&#x41E;&#x442;&#x442;. &#x438;&#x437; "&#x418;&#x437;&#x432;. &#x41F;&#x43E;&#x43B;&#x438;&#x442;&#x435;&#x445;&#x43D;. &#x438;&#x43D;-&#x442;&#x430;". 1916, &#x442;. 25, &#x441;. 377-400</subfield>
  </datafield>
  <datafield tag="488" ind1=" " ind2="0">
    <subfield code="1">2001#$a&#x418;&#x437;&#x432;&#x435;&#x441;&#x442;&#x438;&#x44F; &#x41F;&#x43E;&#x43B;&#x438;&#x442;&#x435;&#x445;&#x43D;&#x438;&#x447;&#x435;&#x441;&#x43A;&#x43E;&#x433;&#x43E; &#x438;&#x43D;&#x441;&#x442;&#x438;&#x442;&#x443;&#x442;&#x430;$v1916, &#x442;. 25</subfield>
    <subfield code="1">215##$a&#x421;. 377-400</subfield>
    <subfield code="t">&#x418;&#x437;&#x432;&#x435;&#x441;&#x442;&#x438;&#x44F; &#x41F;&#x43E;&#x43B;&#x438;&#x442;&#x435;&#x445;&#x43D;&#x438;&#x447;&#x435;&#x441;&#x43A;&#x43E;&#x433;&#x43E; &#x438;&#x43D;&#x441;&#x442;&#x438;&#x442;&#x443;&#x442;&#x430;</subfield>
  </datafield>
  <datafield tag="700" ind1=" " ind2="1">
    <subfield code="a">&#x41A;&#x440;&#x430;&#x441;&#x43D;&#x43E;&#x43F;&#x435;&#x440;&#x43E;&#x432;</subfield>
    <subfield code="b">&#x41D;.&#x412;.</subfield>
    <subfield code="f">1891-</subfield>
    <subfield code="g">&#x41D;&#x438;&#x43A;&#x43E;&#x43B;&#x430;&#x439; &#x412;&#x43B;&#x430;&#x434;&#x438;&#x43C;&#x438;&#x440;&#x43E;&#x432;&#x438;&#x447;</subfield>
  </datafield>
  <datafield tag="790" ind1=" " ind2="1">
    <subfield code="a">&#x41A;&#x440;&#x430;&#x441;&#x43D;&#x43E;&#x43F;&#x435;&#x440;&#x43E;&#x432;</subfield>
    <subfield code="b">&#x415;.</subfield>
    <subfield code="f">1891-</subfield>
    <subfield code="g">&#x415;.[!]</subfield>
  </datafield>
  <datafield tag="801" ind1=" " ind2="0">
    <subfield code="a">RU</subfield>
    <subfield code="b">NLR</subfield>
    <subfield code="g">psbo</subfield>
  </datafield>
  <datafield tag="801" ind1=" " ind2="0">
    <subfield code="a">RU</subfield>
    <subfield code="b">RuMoRGB</subfield>
    <subfield code="2">psbo</subfield>
  </datafield>
  <datafield tag="801" ind1=" " ind2="1">
    <subfield code="a">RU</subfield>
    <subfield code="b">ProSoft-M</subfield>
    <subfield code="2">rusmarc</subfield>
  </datafield>
  <datafield tag="852" ind1=" " ind2=" ">
    <subfield code="a">NLR</subfield>
    <subfield code="j">62-7/2040</subfield>
  </datafield>
  <datafield tag="942" ind1=" " ind2=" ">
    <subfield code="c">BOOK</subfield>
  </datafield>
  <datafield tag="980" ind1=" " ind2=" ">
    <subfield code="a">NB</subfield>
  </datafield>
  <datafield tag="995" ind1=" " ind2=" ">
    <subfield code="5">2013-10-26</subfield>
    <subfield code="b">NLR02</subfield>
    <subfield code="c">NLR02</subfield>
    <subfield code="e">RFS</subfield>
    <subfield code="f">5119564-10</subfield>
    <subfield code="k">62-7/2040</subfield>
    <subfield code="o">0</subfield>
    <subfield code="r">BOOK</subfield>
    <subfield code="s">6272040_</subfield>
  </datafield>
</record>
